Łacińskie nazwy stolic podbitych przez Rzymian - Statystyki

Ogólne statystyki
  • Ten quiz został rozwiązany 148 razy
  • Średni wynik to 4 z 14
Statystyki odpowiedzi
Łacińska nazwa Współczesna nazwa % Poprawnych
Roma Rzym
96%
Londinium Londyn
95%
Lutetia Paryż
52%
Vindobona Wiedeń
41%
Acyra Ankara
21%
Berytus Bejrut
17%
Singidunum Belgrad
17%
Aquincum Budapeszt
16%
Olisipo Lizbona
15%
Scupi Skopje
15%
Aelia Capitolina Jerozolima
14%
Serdica Sofia
14%
Labacum Lublana
9%
Philadelphia Amman
6%
Nie znaleziono quizów pasujących do podanych kryteriów
Rozkład punktacji
Procent ludzi z każdym wynikiem
Percentyl według liczby udzielonych odpowiedzi
Twoja historia wyników
Nie rozwiązałeś tego quizu